Globalisierung und interkulturelle Kompetenz in der Wirtschaftspraxis zwischen Slowaken und Partnern aus Nachbarländern
Uložené v:
| Hlavný autor: | |
|---|---|
| Médium: | Kapitola |
| Jazyk: | German |
| Predmet: | |
| Tagy: |
Žiadne tagy, Buďte prvý, kto otaguje tento záznam!
|
MARC
| LEADER | 00000naa$a2200000$$$4500 | ||
|---|---|---|---|
| 001 | 0091855 | ||
| 005 | 20240502072027.0 | ||
| 041 | 0 | |a ger | |
| 044 | |a SK | ||
| 245 | 1 | 0 | |a Globalisierung und interkulturelle Kompetenz in der Wirtschaftspraxis zwischen Slowaken und Partnern aus Nachbarländern |c Eleonóra Peczeová |
| 610 | 2 | 0 | |a jazyky cudzie |
| 610 | 2 | 0 | |a kompetencie |
| 610 | 2 | 0 | |a komunikácia |
| 610 | 2 | 0 | |a nemčina |
| 610 | 2 | 0 | |a kultúra |
| 610 | 2 | 0 | |a národ |
| 610 | 2 | 0 | |a globalizácia |
| 100 | 1 | |a Peczeová, Eleonóra | |